[Event "Kimry Summer op 66th"]
[Site "Kimry"]
[Date "2013.06.10"]
[Round "5"]
[White "Sarkhadov, Ibrakhim"]
[Black "Vetokhin, Dmitry"]
[Result "1-0"]
[WhiteElo "1803"]
[BlackElo "1900"]
[PlyCount "52"]
[EventDate "2013.06.08"]
[EventType "swiss"]
[EventRounds "7"]
[EventCountry "RUS"]
[SourceTitle "CBM 155 Extra"]
[Source "ChessBase"]
[SourceDate "2013.08.26"]
[SourceVersion "1"]
[SourceVersionDate "2013.08.26"]
[SourceQuality "1"]

1. e4 e5 2. Nf3 Nc6 3. Bc4 h6 4. 0-0 Nf6 5. d4 Na5 6. Nxe5 d5 7. exd5 Nxc4 8. Nxc4 Qxd5 9. Ne3 Qd6 10. Nc3 Bd7 11. Nc4 Qb4 12. Ne5 Bd6 13. a3 Qb6 14. Nc4 Qa6 15. Re1+ Kd8 16. Nxd6 Qxd6 17. Ne4 Nxe4 18. Rxe4 Qg6 19. Re1 Re8 20. Rxe8+ Kxe8 21. Bf4 Kf8 22. Qd2 c6 23. Qb4+ Kg8 24. Qxb7 Rd8 25. Qc7 Bh3 26. Qxd8+ Kh7 1-0

[Event "Kimry Summer op 45th"]
[Site "Kimry"]
[Date "2009.06.13"]
[Round "6"]
[White "Danilov, Alexander"]
[Black "Sarkhadov, Ibrakhim"]
[Result "0-1"]
[WhiteElo "1953"]
[BlackElo "1810"]
[PlyCount "60"]
[EventDate "2009.06.11"]
[EventType "swiss"]
[EventRounds "8"]
[EventCountry "RUS"]
[SourceTitle "EXT 2022"]
[Source "ChessBase"]
[SourceDate "2021.10.06"]
[SourceVersion "1"]
[SourceVersionDate "2021.10.06"]
[SourceQuality "1"]

1. e4 e5 2. Nf3 d6 3. Bc4 Bg4 4. d3 Nc6 5. c3 Nf6 6. h3 Bxf3 7. Qxf3 Be7 8. Be3 0-0 9. Nd2 Na5 10. Bb5 a6 11. Ba4 b5 12. Bd1 c5 13. g4 d5 14. g5 dxe4 15. dxe4 Nd7 16. Qg2 Nb6 17. h4 Nac4 18. Nxc4 Nxc4 19. Bc1 Qd6 20. f3 Rfd8 21. Bc2 Qb6 22. b3 Nd6 23. Be3 Qc6 24. 0-0-0 a5 25. Rd5 c4 26. Rc5 Qb7 27. Rxe5 cxb3 28. Bxb3 Nc4 29. Bxc4 bxc4 30. Qc2 Ba3+ 0-1

[Event "Dubna-ch"]
[Site "Dubna"]
[Date "2009.02.21"]
[Round "6"]
[White "Sarkhadov, Ibrakhim"]
[Black "Kudrin, Vladimir1111"]
[Result "1/2-1/2"]
[WhiteElo "1849"]
[BlackElo "1901"]
[PlyCount "111"]
[EventDate "2009.02.16"]
[EventType "tourn"]
[EventRounds "11"]
[EventCountry "RUS"]
[SourceTitle "EXT 2012"]
[Source "ChessBase"]
[SourceDate "2011.11.24"]
[SourceVersion "1"]
[SourceVersionDate "2011.11.24"]
[SourceQuality "1"]

1. e4 e5 2. Nf3 d6 3. d4 Nd7 4. Bc4 c6 5. a4 Be7 6. Nc3 Ngf6 7. Bg5 0-0 8. 0-0 Nd5 9. exd5 Bxg5 10. dxc6 bxc6 11. dxe5 Nxe5 12. Nxe5 dxe5 13. Qxd8 Bxd8 14. Rad1 Bc7 15. Ne4 Bf5 16. f3 Rad8 17. c3 h6 18. g4 Bg6 19. h4 h5 20. g5 a5 21. Kg2 Rfe8 22. Kf2 Kf8 23. Ke2 Rb8 24. b3 Red8 25. Rxd8+ Rxd8 26. Rd1 Rxd1 27. Kxd1 Bxe4 28. fxe4 Bb6 29. Ke2 Bg1 30. b4 axb4 31. cxb4 Ke7 32. a5 Bd4 33. a6 f6 34. g6 Kd6 35. Kd2 Kc7 36. Be2 Bf2 37. Bxh5 Kb6 38. Kc3 Kxa6 39. Be2+ Kb6 40. h5 Be3 41. Kb3 Kc7 42. Ka4 Kd6 43. Bc4 Kc7 44. Ka5 Kb7 45. Be6 Bb6+ 46. Ka4 Be3 47. b5 Kb6 48. bxc6 Kxc6 49. Kb4 Kb6 50. Kc4 Ka5 51. Kd3 Bf4 52. Kc4 Ka4 53. Kc3 Kb5 54. Bf7 Kc5 55. Kd3 Kb4 56. Kc2 1/2-1/2

[Event "Dubna Cup Rating-B"]
[Site "Dubna"]
[Date "2008.07.14"]
[Round "5"]
[White "Vasenina, Anna"]
[Black "Sarkhadov, Ibrakhim"]
[Result "0-1"]
[WhiteElo "1657"]
[BlackElo "1817"]
[PlyCount "90"]
[EventDate "2008.07.12"]
[EventType "tourn"]
[EventRounds "10"]
[EventCountry "RUS"]
[SourceTitle "EXT 2022"]
[Source "ChessBase"]
[SourceDate "2021.10.06"]
[SourceVersion "1"]
[SourceVersionDate "2021.10.06"]
[SourceQuality "1"]

1. e4 e5 2. Nf3 Nc6 3. Bc4 Bc5 4. c3 Nf6 5. d4 exd4 6. e5 d5 7. Bb5 Ne4 8. cxd4 Bb4+ 9. Bd2 Nxd2 10. Nbxd2 Bd7 11. Be2 0-0 12. 0-0 Be6 13. Nb3 b6 14. a3 Be7 15. Rc1 Bd7 16. Qd2 a5 17. Qc2 Ra7 18. Bd3 h6 19. Qc3 a4 20. Nbd2 Na5 21. Bb1 c5 22. dxc5 bxc5 23. Qd3 g6 24. Qxd5 Be6 25. Qxd8 Rxd8 26. Ne4 Nb3 27. Rcd1 Rad7 28. Rxd7 Bxd7 29. Rd1 Bc6 30. Rxd8+ Bxd8 31. Ned2 Bc7 32. Nc4 Bd5 33. Nd6 Bxf3 34. gxf3 Nd2 35. Be4 Kf8 36. f4 Bxd6 37. Bc6 Bc7 38. Bxa4 Nc4 39. b4 cxb4 40. axb4 Ke7 41. Kf1 g5 42. fxg5 hxg5 43. Ke2 Bxe5 44. h3 Kd6 45. Kd3 Nb2+ 0-1

[Event "Dubna Cup Rating-B"]
[Site "Dubna"]
[Date "2008.07.12"]
[Round "1"]
[White "Sarkhadov, Ibrakhim"]
[Black "Makhnev, Yuri"]
[Result "1-0"]
[WhiteElo "1817"]
[BlackElo "1892"]
[PlyCount "97"]
[EventDate "2008.07.12"]
[EventType "tourn"]
[EventRounds "10"]
[EventCountry "RUS"]
[SourceTitle "EXT 2022"]
[Source "ChessBase"]
[SourceDate "2021.10.06"]
[SourceVersion "1"]
[SourceVersionDate "2021.10.06"]
[SourceQuality "1"]

1. e4 e5 2. Nf3 Nc6 3. Bc4 Nf6 4. Ng5 d5 5. exd5 b5 6. Bxb5 Qxd5 7. Bxc6+ Qxc6 8. 0-0 Bb7 9. Qf3 e4 10. Qb3 Qd5 11. Qxd5 Bxd5 12. Nc3 c6 13. Re1 Be7 14. Ngxe4 Nxe4 15. Nxe4 0-0 16. d3 Rab8 17. b3 f5 18. Nc3 Bf6 19. Bb2 Rbe8 20. Rab1 Kf7 21. Kf1 Be6 22. Na4 Bd8 23. Nc5 Bc8 24. Rxe8 Rxe8 25. Re1 Rxe1+ 26. Kxe1 Bb6 27. Na4 Bc7 28. g3 f4 29. Bd4 a6 30. Nc3 g5 31. Ne2 f3 32. Nc3 g4 33. Kd2 Ba5 34. a3 Bd8 35. Ne4 Ke6 36. c4 Kf7 37. Ke3 Be7 38. b4 Kg6 39. Be5 Bd8 40. d4 Bb6 41. a4 Be6 42. b5 axb5 43. axb5 cxb5 44. cxb5 Bc4 45. Nd6 Be6 46. Kd3 Bf5+ 47. Nxf5 Kxf5 48. Bf4 Kf6 49. Be3 1-0